Pivničiari z Račianskeho mýta

Bibliographic Details
Main Author: Polák, Miloslav (Author)
Other Authors: Jiránek, Vladimír, 1938-2012 (Illustrator)
Format: Book
Language:Slovak
PhysicalDescription:91 s. ilustr. 21 cm
Published: [Ivanka pri Dunaji] b´yzz production 2013
ISBN:9788097150709
Edition:1. vyd.
Subjects:

MARC

LEADER 00000nam a22000005a 4500
001 vtls010560567
003 SK-MaSNL
005 20260301090304.0
008 240313s2013 xo a g 000 jdslo
015 |a SNBA2013/11 
020 |a 9788097150709  |q (brož.) 
035 |a D6A31883-7275-4F7A-B0F2-D60CB756AE3E 
035 |a urn:nbn:sk:snk-amjo52 
035 |a urn:nbn:sk:snk-am001t3w 
040 |a SNK  |b slo  |c SNK  |e AACR2 
041 0 |a slo 
044 |a xo  |c SK 
072 7 |a 821.162.4-3  |x Slovenská próza  |2 konspekt 
080 |a 821.162.4-32  |2 2001 
080 |a (0:82-322.6)  |2 2001 
100 1 |a Polák, Miloslav  |4 aut  |9 417827 
245 1 0 |a Pivničiari z Račianskeho mýta  |c Miloslav Polák ; ilustrácie Vladimír Jiránek 
250 |a 1. vyd. 
260 |a [Ivanka pri Dunaji]  |b b´yzz production  |c 2013 
300 |a 91 s.  |b ilustr.  |c 21 cm 
500 |a Biogr. údaje 
655 7 |a slovenské príbehy  |2 SNKPH  |9 70494 
655 7 |a autobiografické príbehy  |2 SNKPHeng  |9 70622 
655 7 |a Slovak stories  |2 SNKPH  |9 277112 
655 7 |a Autobiographical stories  |2 SNKPHeng  |9 302869 
700 1 |a Jiránek, Vladimír,  |d 1938-2012  |4 ill  |9 42119 
919 |a 978-80-971507-0-9 
958 |a LX 
999 |c 667821  |d 669751 
952 |a SNK  |b SNK  |y PREZ  |7 0  |p 17A1093596  |o snkSC 157097  |i snk2013/28978  |8 0  |0 0  |1 0  |4 0  |d 2013-11-26  |l 0  |r 2025-08-19 00:00:00  |w 2026-02-23 
952 |a SNK  |b SNK  |y VYP  |7 0  |p 17A1093597  |o snkSC 157097 D1  |i snk2013/28979  |8 0  |0 0  |1 0  |4 0  |d 2013-11-26  |f 1  |l 0  |r 2026-02-23 19:16:02  |w 2026-02-23